00736nam a2200241Ia 4500003000400000005001700004008004100021020001500062040000700077041000800084082001700092100002600109245003000135260005800165300001400223365001300237650002100250650002600271906003100297942001200328999001900340952013500359OSt20230417093329.0210423s2005 xx 000 0 und d a8126904860 cAL aeng a338.954 GUPK aGUPTA (K R),Ed988989 aStudies in Indian economy aNew DelhibAtlantic Publishers and Distributorsc2005 ax,402bHB b695cINR aEconomics988990 aIndian Economy988991 aeconomy ; Indian ; Studies 2ddccBK c159865d159865 001040708ECOaSACPGbSACPGd2011-08-27eKnowledge Worldg695.00l0o338.954 GUPKpPG006344r2022-08-24 00:00:00w2021-04-26yBK